000 00553nam a2200193Ia 4500
008 230718s9999 xx 000 0 und d
020 _a9788174091955
041 _aeng
082 _a510.620
_bGRE
100 _aGrewal B.S.
245 _aHigher Engineering Mathematics
250 _a43rd ed.
260 _c2014
_bKhanna Publisher
300 _a1315
365 _cRs.
_b725.00
500 _aDhanoa J.K. is third author for Acc. No. 54819-54833
700 _aGrewal B.S. & Grewal J.S.
906 _dO:0362921-Oct-2016B:516519-Oct-2016
_cBSH
_b1740
999 _c343618
_d343618